| 000 | 00571nam a22001937a 4500 | ||
|---|---|---|---|
| 003 | OSt | ||
| 005 | 20250728120703.0 | ||
| 008 | 250728b |||||||| |||| 00| 0 eng d | ||
| 020 | _a9789349989009 | ||
| 040 |
_bEnglish _cCentral Library IIT Goa |
||
| 082 |
_a920 _bPAT |
||
| 100 |
_aPatil, Aneeta _93518 |
||
| 245 |
_aDivine Scientist : _bPadma Vibhushan Professor M. M. Sharma / _cAneeta Patil |
||
| 260 |
_aMumbai : _bSundaram Digital Publication House , _c2025 |
||
| 300 | _a406p. | ||
| 650 |
_aBiography _92827 |
||
| 650 |
_aProf. M. M. Sharma _93519 |
||
| 942 |
_2ddc _cBK |
||
| 999 |
_c1822 _d1822 |
||